Central Library OPAC University of Rajshahi

The life and work of Buddhaghosa / (Record no. 31731)

MARC details
000 -LEADER
fixed length control field 00812cam a2200253 4500
001 - CONTROL NUMBER
control field 31731
003 - CONTROL NUMBER IDENTIFIER
rucl marc code BD-RjUL
005 - DATE AND TIME OF LATEST TRANSACTION
control field 20211209051736.0
008 - FIXED-LENGTH DATA ELEMENTS--GENERAL INFORMATION
fixed length control field 140422s1923 ii a 001 0beng
035 ## - SYSTEM CONTROL NUMBER
System control number (OCoLC)ocm05227636
-- (BD-RjUL)31819
040 ## - CATALOGING SOURCE
Original cataloging agency DLC
Transcribing agency CLE
Modifying agency OCLCQ
-- BD-RjUL
Language of cataloging eng
041 ## - LANGUAGE CODE
Language code of text/sound track or separate title eng
082 04 - DEWEY DECIMAL CLASSIFICATION NUMBER
Classification number 291.391
Author mark and year LAL 1923
100 1# - MAIN ENTRY--PERSONAL NAME
Personal name Law, Bimala Churn,
Dates associated with a name 1892-1969
9 (RLIN) 68586
245 14 - TITLE STATEMENT
Title The life and work of Buddhaghosa /
Statement of responsibility, etc. by Bimala Charan Law, with a foreword by Mrs. C. A. F. Rhys Davids.
260 ## - PUBLICATION, DISTRIBUTION, ETC. (IMPRINT)
Place of publication, distribution, etc. Calcutta ;
-- Simla :
Name of publisher, distributor, etc. Thacker, Spink & co.,
Date of publication, distribution, etc. 1923.
300 ## - PHYSICAL DESCRIPTION
Pagination xii, 183 p. :
Illustrations ill. ;
Size 22 cm.
600 00 - SUBJECT ADDED ENTRY--PERSONAL NAME
Personal name Buddhaghosa.
830 #0 - SERIES ADDED ENTRY--UNIFORM TITLE
Volume number/sequential designation no. 9. E. 3.
Uniform title Calcutta oriental series ;
942 ## - ADDED ENTRY ELEMENTS (KOHA)
Source of classification or shelving scheme Dewey Decimal Classification
Koha item type Books
Holdings
Lost status Source of classification or shelving scheme Damaged status Not for loan Permanent Location Current Location Shelving location Date acquired Source of acquisition Cost, normal purchase price Total Checkouts Full call number Date last seen Copy number Koha item type
  Dewey Decimal Classification   Not For Loan Central Library, University of Rajshahi Central Library, University of Rajshahi Reading Room 19/02/1957 puthia raz 0.00   291.391 LAL 1923 22/04/2014 C-1 Books